000 00709nam a22002057a 4500
999 _c19529
_d19529
003 AR-CdUCM
008 190517b ||||| |||| 00| 0 spa d
040 _aMUNICIPALIDAD PROVINCIAL DEL CUSCO
_cBIBLIOTECA MUNICIPAL DEL CUSCO
082 _a792.0943 /
_bF53
100 _aFiller, Witold
_940910
245 _aEl Teatro contemporáneo polaco /
260 _aVarsovia :
_bInterpress,
_c1976.
300 _a131 páginas ;
_c23 cm.
505 _aContenido : Historia del teatro polaco -- Reconstrucción de la ida teatral -- Repertorio y los directores..:
650 _aTeatro Polaco
_93387
650 _aTeatro vanguardista
_940911
650 _aEscenografía
_940912
942 _2ddc
_cLIBROS
945 _arcc